Statystyki dla MIEJSCA, GDZIE NAJCZĘŚCIEJ SŁUCHAMY MUZYKI:

Kliknij tutaj aby rozwiązać quiz!

Ogólne statystyki

  • Ten quiz został rozwiązany 95 razy
  • Średni wynik to 4 z 6

Statystyki odpowiedzi

Odpowiedź% Poprawnych
DOM
87%
AUTOBUS
69%
SAMOCHÓD
69%
SZKOŁA
68%
KONCERT
42%
KLUB
33%

Rozkład punktacji

Percentyl według liczby udzielonych odpowiedzi

Procent ludzi z każdym wynikiem

Twoja historia wyników

Nie rozwiązałeś tego quizu